Chu Ju's house / (Record no. 2416)

MARC details
000 -LEADER
fixed length control field 01278cam a2200373 a 4500
001 - CONTROL NUMBER
control field 2416
003 - CONTROL NUMBER IDENTIFIER
control field FISKH
005 - DATE AND TIME OF LATEST TRANSACTION
control field 20240124095719.0
008 - FIXED-LENGTH DATA ELEMENTS--GENERAL INFORMATION
fixed length control field 030331s2004 nyu c 000 1 eng
010 ## - LIBRARY OF CONGRESS CONTROL NUMBER
LC control number 2003006979
020 ## - INTERNATIONAL STANDARD BOOK NUMBER
International Standard Book Number 0060507241
020 ## - INTERNATIONAL STANDARD BOOK NUMBER
International Standard Book Number 006050725X (lib. bdg.)
020 ## - INTERNATIONAL STANDARD BOOK NUMBER
International Standard Book Number 9780439799553
040 ## - CATALOGING SOURCE
Original cataloging agency DLC
Transcribing agency DLC
Modifying agency DLC
Language of cataloging eng
042 ## - AUTHENTICATION CODE
Authentication code lcac
043 ## - GEOGRAPHIC AREA CODE
Geographic area code a-cc---
050 00 - LIBRARY OF CONGRESS CALL NUMBER
Classification number PZ7.W5718
Item number Ch 2004
082 00 - DEWEY DECIMAL CLASSIFICATION NUMBER
Classification number [Fic]
Edition number 21
100 1# - MAIN ENTRY--PERSONAL NAME
Personal name Whelan, Gloria.
245 10 - TITLE STATEMENT
Title Chu Ju's house /
Statement of responsibility, etc. Gloria Whelan.
250 ## - EDITION STATEMENT
Edition statement First Scholastic printing, November 2005
260 ## - PUBLICATION, DISTRIBUTION, ETC.
Place of publication, distribution, etc. New York :
Name of publisher, distributor, etc. Scholastic,
Date of publication, distribution, etc. 2004
300 ## - PHYSICAL DESCRIPTION
Extent 227 pages ;
Dimensions 20 cm
505 ## - FORMATTED CONTENTS NOTE
Formatted contents note W<br/>
520 ## - SUMMARY, ETC.
Summary, etc. In order to save her baby sister, fourteen-year-old Chu Ju leaves her rural home in modern China and earns food and shelter by working on a sampan, tending silk worms, and planting rice seedlings, while wondering if she will ever see her family again.
521 8# - TARGET AUDIENCE NOTE
Target audience note 870<br/>
Source Lexile<br/>
521 8# - TARGET AUDIENCE NOTE
Target audience note W<br/>
Source Raz-Plus<br/>
650 #1 - SUBJECT ADDED ENTRY--TOPICAL TERM
Topical term or geographic name entry element Runaways
Form subdivision Fiction.
650 #1 - SUBJECT ADDED ENTRY--TOPICAL TERM
Topical term or geographic name entry element Sex role
Form subdivision Fiction.
651 #0 - SUBJECT ADDED ENTRY--GEOGRAPHIC NAME
Geographic name China
General subdivision History
Chronological subdivision 1976-2002
Form subdivision Juvenile fiction.
651 #1 - SUBJECT ADDED ENTRY--GEOGRAPHIC NAME
Geographic name China
General subdivision History
Chronological subdivision 1976-2002
Form subdivision Fiction.
906 ## - LOCAL DATA ELEMENT F, LDF (RLIN)
a 7
b cbc
c orignew
d 1
e ecip
f 20
g y-gencatlg
942 ## - ADDED ENTRY ELEMENTS (KOHA)
Source of classification or shelving scheme Dewey Decimal Classification
Koha item type Books
Suppress in OPAC No
Holdings
Withdrawn status Lost status Source of classification or shelving scheme Damaged status Not for loan Collection Home library Current library Shelving location Date acquired Total Checkouts Full call number Barcode Date last seen Copy number Price effective from Koha item type Date last checked out Date due
    Dewey Decimal Classification     Fiction Footprints International School Library Network Toul Kork Campus Footprints International School Library Network Toul Kork Campus A TK Campus, 4th Floor, Room B401, Fiction Bookcases (1-6) 12/04/2023   WHE 813 PZ7.W5718 FISSE00089 12/04/2023 1 12/04/2023 Books    
    Dewey Decimal Classification     Fiction Footprints International School Library Network Toul Kork Campus Footprints International School Library Network Toul Kork Campus A TK Campus, 4th Floor, Room B401, Fiction Bookcases (1-6) 12/04/2023   WHE 813 PZ7.W5718 FISSE00105 12/04/2023 2 12/04/2023 Books    
    Dewey Decimal Classification     Fiction Footprints International School Library Network Toul Kork Campus Footprints International School Library Network Toul Kork Campus A TK Campus, 4th Floor, Room B401, Fiction Bookcases (1-6) 12/04/2023   WHE 813 PZ7.W5718 FISSE00066 12/04/2023 3 12/04/2023 Books    
    Dewey Decimal Classification     Juvenile Fiction Footprints International School Library Network Toul Kork Campus Footprints International School Library Network Toul Kork Campus A TK Campus, 4th Floor, Room B401, Fiction Bookcases (1-6) 12/04/2023   WHE 813 PZ7.W5718 FISSE00077 12/06/2023 4 12/04/2023 Books    
    Dewey Decimal Classification     Juvenile Fiction Footprints International School Library Network Toul Kork Campus Footprints International School Library Network Toul Kork Campus A TK Campus, 4th Floor, Room B401, Fiction Bookcases (1-6) 01/24/2024   WHE 813 PZ7.W5718 FISSE00093 01/24/2024 5 01/24/2024 Books    
    Dewey Decimal Classification     Fiction Footprints International School Library Network Toul Tom Poung Campus Footprints International School Library Network Toul Kork Campus TTP Secondary Fiction Bookshelves 01/24/2024 2 WHE 813 PZ7.W5718 2024-1912 09/19/2025 6 01/24/2024 Books 08/18/2025  
    Dewey Decimal Classification     Fiction Footprints International School Library Network Toul Tom Poung Campus Footprints International School Library Network Toul Kork Campus TTP Secondary Fiction Bookshelves 01/24/2024 1 WHE 813 PZ7.W5718 2024-1911 03/31/2026 8 01/24/2024 Books 03/31/2026 04/14/2026
    Dewey Decimal Classification     Fiction Footprints International School Library Network Toul Tom Poung Campus Footprints International School Library Network Toul Tom Poung Campus TTP Secondary Fiction Bookshelves 01/24/2024   WHE 813 PZ7.W5718 2024-1910 09/12/2024 7 01/24/2024 Books